000 00405nam a2200157Ia 4500
005 20240807062604.0
008 240806s9999||||xx |||||||||||||| ||eng||
041 _aeng
082 _a294.59214
_bYAJU
100 _aArya Sahit Mandal Limited
245 0 _aSamhita yajurved /
_cArya Sahit Mandal Limited
260 _bThe Fine Art Printing Press Ajmer
300 _a0
650 _aSanskrit
942 _cBK
999 _c23452
_d23452